मुन्ने की परेशानी / (Record no. 168236)
[ view plain ]
| 000 -LEADER | |
|---|---|
| fixed length control field | 01269nam a22002537a 4500 |
| 005 - DATE AND TIME OF LATEST TRANSACTION | |
| control field | 20190928165652.0 |
| 010 ## - LCCN (DPL NO) | |
| LC control number | B-244986 |
| 020 ## - INTERNATIONAL STANDARD BOOK NUMBER | |
| Terms of availability | 150.00 |
| International Standard Book Number | 8188029130 |
| 035 ## - SYSTEM CONTROL NUMBER | |
| System control number | B-2449586 |
| 037 ## - SOURCE OF ACQUISITION | |
| Source of stock number/acquisition | जनचेतना प्रकाशन |
| 082 ## - DEWEY DECIMAL CLASSIFICATION NUMBER | |
| Classification number | 649.1 |
| Item number | गिजूभा |
| 100 ## - MAIN ENTRY--PERSONAL NAME | |
| Personal name | गिजुभाई |
| 245 ## - TITLE STATEMENT | |
| Title | मुन्ने की परेशानी / |
| Statement of responsibility, etc | गिजुभाई ; संपादक चित्र वारेरकर |
| 246 ## - VARYING FORM OF TITLE | |
| Title proper/short title | Munne ki preshani |
| Remainder of title | by Gijubhai ; sampadak Chitra Vaarerkar |
| 260 ## - PUBLICATION, DISTRIBUTION, ETC. (IMPRINT) | |
| Place of publication, distribution, etc | दिल्ली |
| Name of publisher, distributor, etc | जनचेतना प्रकाशन |
| Date of publication, distribution, etc | 2008 |
| 270 ## - ADDRESS | |
| Address | 64-ए , फेस 3, पॉकेट D, एल.आई. जी. फ्लेट्स दीप एन्क्लेव अशोक विहार |
| City | दिल्ली |
| Postal code | 110052 |
| 300 ## - PHYSICAL DESCRIPTION | |
| Extent | 144पृष्ठ. : |
| Dimensions | 20सेमी(सजिल्द) |
| Other physical details | चित्र. |
| 650 ## - SUBJECT ADDED ENTRY--TOPICAL TERM | |
| Topical term or geographic name as entry element | बालकों का दृष्टि कोण |
| 650 ## - SUBJECT ADDED ENTRY--TOPICAL TERM | |
| Topical term or geographic name as entry element | बालकों की भलाई |
| 650 ## - SUBJECT ADDED ENTRY--TOPICAL TERM | |
| Topical term or geographic name as entry element | Children 's vision angle |
| 650 ## - SUBJECT ADDED ENTRY--TOPICAL TERM | |
| Topical term or geographic name as entry element | Children 's well-being |
| 700 ## - ADDED ENTRY--PERSONAL NAME | |
| Personal name | पारेरकर , चित्रा |
| 9 (RLIN) | 80260 |
| 942 ## - ADDED ENTRY ELEMENTS (KOHA) | |
| Source of classification or shelving scheme | Dewey Decimal Classification |
| Item type | Hindi Books |
| Classification part | 649.1 |
| Call number suffix | गिजुभा |
| Withdrawn status | Lost status | Not for loan | Collection code | Home library | Current library | Date acquired | Source of acquisition | Cost, normal purchase price | Full call number | Barcode | Cost, replacement price | Koha item type |
|---|---|---|---|---|---|---|---|---|---|---|---|---|
| Non-fiction | R.C.Libraries (zls) | Sarojini Nagar | 28/09/2019 | जनचेतना प्रकाशन | 150.00 | 649.1 गिजुभा | B-244986 | 150.00 | Hindi Books |
